Maiores produtores de ferro no mundo - Statistics

Estatísticas Gerais
  • Esse quiz foi jogado 125 vezes
  • A pontuação média é 13 de 17
Estatísticas das Respostas
Países % Correto
10. Estados Unidos
100%
3. China
99%
2. Brasil
98%
5. Rússia
95%
4. Índia
92%
1. Austrália
90%
7. Canadá
90%
17. México
87%
8. África do Sul
80%
14. Chile
69%
12. Peru
65%
6. Irã
62%
15. Turquia
62%
12. Ucrânia
58%
9. Cazaquistão
53%
11. Suécia
41%
16. Mauritânia
13%
Nenhum quiz correspondente encontrado
Distribuição das Pontuações
Porcentagem de Pessoas com Cada Pontuação
Percentil de Números Respondidos
Sua Pontuação Histórica
Você não jogou esse quiz